[Event "Stay Safe Play From Home 206"]
[Site "T#646635Emanuel Laske"]
[Date "2020.06.07"]
[Round "8"]
[White "Rogan"]
[Black "Möwe"]
[Result "1-0"]
[WhiteElo "2181"]
[BlackElo "1505"]
[Annotator "TA"]
[PlyCount "43"]
[EventDate "2020.06.07"]
[EventType "swiss (blitz)"]

{[%evp 9,42,-45,-37,-45,10,0,85,14,85,31,312,310,350,337,547,530,642,639,631,619,637,632,628,602,742,730,1202,1094,29981,29982,29975,29974,29998,29999,29999]} 1. d4 d5 2. c3 c5 3. Nf3 Nc6 4. Bg5 Nf6 5. Bxf6 gxf6 6. e3 {D02: 1 d4 d5 2 Nf3 sidelines, including 2...Nf6 3 g3 and 2...Nf6 3 Bf4.} Bg4 (6... e5 $15) 7. Be2 {[#]} Bg7 $146 (7... Qb6 $11 {remains equal.}) ({Predecessor:} 7... e6 8. Nbd2 Bd6 9. Qb3 Qd7 10. Qa4 O-O-O 11. dxc5 Bxc5 12. Qxg4 h5 13. Qh3 Rdg8 {1-0 (27) Claverie,C (2304)-Bernard,M (1880) Europe Chess INT 2020}) 8. Nbd2 (8. dxc5 $16 O-O 9. Nbd2) 8... O-O (8... Qb6 $11) 9. h3 (9. dxc5 $16 Bc8 10. O-O) 9... cxd4 $2 {[%mdl 8192]} ({Black should play} 9... Bxf3 $14 10. Bxf3 cxd4) 10. hxg4 $18 dxe3 11. fxe3 d4 $2 (11... e6 12. Qc2 h6) 12. exd4 e5 13. Qc2 {[%csl Gh1][%cal Rc2h7] [#]} h6 14. dxe5 Nxe5 15. Nxe5 fxe5 16. O-O-O Qd5 {[#]} 17. g5 $1 Qxa2 (17... hxg5 18. Qh7#) 18. gxh6 Qa1+ 19. Nb1 {White mates.} Bf6 20. Qf5 Bh8 21. h7+ Kg7 22. Qg5# {Black got outplayed after the opening. Accuracy: White = 77%, Black = 12%.} 1-0

[Event "Stay Safe Play From Home 206"]
[Site "T#646635Emanuel Laske"]
[Date "2020.06.07"]
[Round "8"]
[White "Bellbox"]
[Black "Epicure62"]
[Result "1-0"]
[WhiteElo "2098"]
[BlackElo "1393"]
[Annotator "NA RC"]
[PlyCount "39"]
[EventDate "2020.06.07"]
[EventType "swiss (blitz)"]

1. e4 {[%emt 0:00:02]} d6 {[%emt 0:00:01]} 2. d4 {[%emt 0:00:05]} g6 {[%emt 0:00:01]} 3. Nc3 {[%emt 0:00:01]} Bg7 {[%emt 0:00:01]} 4. Nf3 {[%emt 0:00:00]} Nf6 {[%emt 0:00:01]} 5. Bc4 {[%emt 0:00:01]} O-O {[%emt 0:00:01]} 6. Qe2 {[%emt 0:00:01]} c6 {[%emt 0:00:02]} 7. e5 {[%emt 0:00:01]} Nh5 {[%emt 0:00:03]} 8. h3 {[%emt 0:00:06]} Bf5 {[%emt 0:00:03]} 9. g4 {[%emt 0:00:01]} dxe5 {[%emt 0:00:05]} 10. dxe5 {[%emt 0:00:02]} Nf4 {[%emt 0:00:03]} 11. Bxf4 {[%emt 0:00:01]} Nd7 {[%emt 0:00:07]} 12. gxf5 {[%emt 0:00:02]} gxf5 {[%emt 0:00:02]} 13. O-O-O {[%emt 0:00:02]} b5 {[%emt 0:00:05]} 14. Bb3 {[%emt 0:00:03]} b4 {[%emt 0:00:03]} 15. Na4 {[%emt 0:00:02]} c5 {[%emt 0:00:02]} 16. Nxc5 {[%emt 0:00:02]} Nxc5 {[%emt 0:00:02]} 17. Rxd8 {[%emt 0:00:01]} Raxd8 {[%emt 0:00:03]} 18. Rg1 {[%emt 0:00:00]} Nxb3+ {[%emt 0:00:01]} 19. axb3 {[%emt 0:00:01]} Rc8 {[%emt 0:00:03]} 20. Bh6 {[%emt 0:00:01] Temps (Lag: Av=0.71s, max=1.3s)} 1-0

[Event "Stay Safe Play From Home 206"]
[Site "T#646635Emanuel Laske"]
[Date "2020.06.07"]
[Round "8"]
[White "EL sanbary"]
[Black "Trotsky"]
[Result "1-0"]
[WhiteElo "1900"]
[BlackElo "1602"]
[Annotator "TA"]
[PlyCount "67"]
[EventDate "2020.06.07"]
[EventType "swiss (blitz)"]

{[%evp 15,67,29,112,62,84,62,67,59,151,88,212,64,223,226,363,352,318,310,519,272,729,715,682,358,350,314,303,52,40,34,130,58,365,370,570,0,85,8,8,8,8,0,8,0,41,31,74,65,73,73,296,153,191,68]} 1. c4 c5 2. g3 e6 3. Bg2 d5 4. cxd5 exd5 5. Nf3 Nf6 6. O-O Be6 7. d4 Nc6 8. Nc3 c4 (8... h6 $11) 9. Ne5 {D33: Tarrasch Defence: 6 g3 sidelines.} a6 10. Nxc6 bxc6 {[#]} 11. e4 $146 {White is slightly better.} ({Predecessor:} 11. b3 Qc7 12. Bf4 Bd6 13. Bxd6 Qxd6 14. Na4 O-O 15. Qc2 Nd7 16. Rfd1 Rab8 17. bxc4 dxc4 18. e4 Rb4 19. d5 cxd5 20. exd5 Bf5 21. Qxf5 Rxa4 22. Qc2 {½-½ (22) Siewert,W (1807)-Bouma,J Radebeul 2019}) 11... Qc7 (11... Be7 $14) 12. exd5 (12. Qa4 $142 Qd7 13. e5) 12... cxd5 (12... Nxd5 $16 {was necessary.} 13. Qa4 Qd7) 13. Re1 (13. Bg5 $18) 13... O-O-O $2 {[#]} (13... Be7 $14) 14. Bg5 $18 Bd6 (14... Bb4 $142 15. Qa4 Qb7) 15. Bxf6 gxf6 16. Qa4 ({Much less strong is} 16. Nxd5 $6 Bxd5 17. Bxd5 Bxg3 $18) 16... h5 $2 (16... Qd7 {was worth a try.} 17. Qxa6+ Qb7 18. Qxb7+ Kxb7 19. Nxd5 Ka7) 17. Qxa6+ Kd7 $2 (17... Qb7 18. Qxb7+ Kxb7 19. Nxd5 Ka7) 18. Bxd5 h4 19. Bxe6+ fxe6 20. d5 hxg3 21. Qc6+ $2 ({Don't do} 21. dxe6+ Ke8 $18) (21. fxg3 e5 $18) (21. hxg3 $18 e5 22. Nb5) 21... Qxc6 $14 22. dxc6+ Kc7 (22... Kxc6 $14 23. hxg3 (23. fxg3 Be5 $11) 23... Be5) 23. fxg3 ({White should try} 23. hxg3 $16 Be5 24. Re4) 23... Rh3 $2 {[%mdl 8192]} (23... Be5 $14) 24. Rxe6 $18 Rdh8 (24... Rhh8 $142 25. Nd5+ Kxc6) 25. Re2 $2 (25. Nb5+ $18 Kb6 26. Nxd6 Rxh2 27. Rae1) 25... Bc5+ (25... Bxg3 $1 $11 {remains equal.} 26. hxg3 Rh1+ 27. Kf2 Rxa1) 26. Kg2 ({White should play} 26. Kh1 $16) 26... Rxh2+ $11 27. Kf3 Rxe2 28. Kxe2 Kxc6 {[%mdl 4096] Endgame KRB-KRN} 29. Kf3 Re8 30. Rd1 Re3+ 31. Kf4 Re5 32. Ne4 Kb5 $2 (32... Bf8 $16 {is a better defense.}) 33. Nxf6 (33. g4 $18) 33... Re2 $16 {[#]} 34. Rd5 {Accuracy: White = 33%, Black = 23%.} (34. Ne4 $1 $18 {[%cal Re4c3]} Kc6 35. b3) 1-0

[Event "Stay Safe Play From Home 206"]
[Site "T#646635Emanuel Laske"]
[Date "2020.06.07"]
[Round "8"]
[White "SecantFX"]
[Black "Lazieri3"]
[Result "1-0"]
[WhiteElo "1831"]
[BlackElo "2036"]
[Annotator "TA"]
[PlyCount "97"]
[EventDate "2020.06.07"]
[EventType "swiss (blitz)"]

{[%evp 9,97,-19,0,-12,11,-1,10,-24,8,-27,-24,-42,-30,-29,-25,-44,0,-3,97,91,357,345,375,375,380,378,378,373,380,372,370,362,402,393,422,422,460,451,462,451,492,487,481,463,466,477,673,661,1062,1053,1702,1627,5302,1776,29989,829,842,850,822,820,1487,575,574,562,547,515,502,379,369,369,6002,6011,29967,29967,29966,5783,11850,4714,4810,4810,29968,29966,29956,5919,29982,29982,29983,29984,29987,29988]} 1. g3 c6 2. Bg2 d5 3. f4 Nf6 4. Nf3 Bf5 5. e3 e6 6. d3 {A03: Bird's Opening with 1...d5.} h6 7. O-O Be7 {[#]} 8. h3 $146 {The position is equal.} ({Predecessor:} 8. b3 Nbd7 9. Qe2 O-O 10. h3 Bh7 11. g4 Qc7 12. Bb2 a5 13. a4 Bd6 14. Nbd2 {1-0 (53) Mozes,E (2390)-Forgo,E (2220) Hungary 1992}) 8... O-O 9. g4 Bh7 10. Nc3 Bb4 11. Bd2 Nbd7 12. Ne2 Bxd2 13. Qxd2 e5 (13... Qc7 $11 {keeps the balance.}) 14. fxe5 $16 Nxe5 $2 {[%mdl 8192] This move loses the game for Black.} (14... Ne8 $16) 15. Nxe5 $18 Re8 16. d4 Nd7 17. Nxd7 Qxd7 18. c3 Qe7 19. Rf3 Be4 20. Rg3 Bxg2 21. Kxg2 Qe4+ 22. Rf3 Re7 23. Ng3 Qe6 24. Re1 Rae8 25. Nf5 Rd7 26. Rf2 b6 27. Rfe2 h5 (27... Qe4+ $142 28. Kg1 Qf3) 28. e4 hxg4 29. hxg4 Qg6 30. Qf4 Qh7 31. e5 g6 32. Ng3 (32. e6 $142 fxe6 33. Nh6+ Kg7 34. Qe5+ Kf8 35. Rf1+ Rf7 {[#]} 36. Qh8+ $1 {[%mdl 512]} Ke7 37. Rxe6+ $1 {[%mdl 576] Double Attack} Kd8 38. Qxe8+ {[%mdl 64] Double Attack} Kc7 39. Rxc6+ Kb7 40. Qc8#) 32... Rde7 33. Rh1 Qg7 34. Rh3 f6 35. g5 fxe5 36. dxe5 Rxe5 37. Rxe5 Qxe5 38. Qxe5 Rxe5 {[%mdl 4096] Endgame KRN-KR} 39. Kf3 Rxg5 $2 (39... d4 40. cxd4 Rxg5) 40. Kf4 Rxg3 41. Kxg3 {KR-KP} Kf7 42. Kg4 (42. Rh7+ $142 Ke6 43. Rxa7 b5 44. Rg7 g5 45. Rxg5 d4 46. cxd4 Ke7 47. b4) 42... Kf6 43. Rf3+ Ke6 44. Kg5 Kd6 45. Rf6+ Kc5 46. Rxg6 a5 47. b3 {White mates.} Kb5 48. a4+ Ka6 49. Rxc6 {Accuracy: White = 63%, Black = 28%.} 1-0

[Event "Stay Safe Play From Home 206"]
[Site "T#646635Emanuel Laske"]
[Date "2020.06.07"]
[Round "8"]
[White "NeatFox"]
[Black "Fischer_11"]
[Result "0-1"]
[WhiteElo "1791"]
[BlackElo "2055"]
[Annotator "NA RC"]
[PlyCount "82"]
[EventDate "2020.06.07"]
[EventType "swiss (blitz)"]

1. g4 {[%emt 0:00:01]} Nc6 {[%emt 0:00:04]} 2. Bg2 {[%emt 0:00:00]} d6 {[%emt 0:00:00]} 3. c4 {[%emt 0:00:01]} d5 {[%emt 0:00:00]} 4. cxd5 {[%emt 0:00:01]} Ne5 {[%emt 0:00:01]} 5. Qb3 {[%emt 0:00:01]} b6 {[%emt 0:00:02]} 6. d6 {[%emt 0:00:01]} Rb8 {[%emt 0:00:01]} 7. dxe7 {[%emt 0:00:02]} Bxe7 {[%emt 0:00:01]} 8. h3 {[%emt 0:00:00]} Nf6 {[%emt 0:00:01]} 9. Nc3 {[%emt 0:00:01]} Bf5 {[%emt 0:00:01]} 10. d4 {[%emt 0:00:01]} Be6 {[%emt 0:00:04]} 11. Qd1 {[%emt 0:00:02]} Nc4 {[%emt 0:00:04]} 12. b3 {[%emt 0:00:01]} Nd6 {[%emt 0:00:02]} 13. Bb2 {[%emt 0:00:01]} O-O {[%emt 0:00:02]} 14. Nf3 {[%emt 0:00:01]} Nb7 {[%emt 0:00:01]} 15. e4 {[%emt 0:00:01]} Bb4 {[%emt 0:00:02]} 16. O-O {[%emt 0:00:01]} Bxc3 {[%emt 0:00:02]} 17. Bxc3 {[%emt 0:00:01]} Nxe4 {[%emt 0:00:00]} 18. Bb2 {[%emt 0:00:01]} c5 {[%emt 0:00:02]} 19. dxc5 {[%emt 0:00:02]} Nexc5 {[%emt 0:00:00]} 20. Qe2 {[%emt 0:00:02]} Nd6 {[%emt 0:00:04]} 21. Qe5 {[%emt 0:00:01]} Ne8 {[%emt 0:00:07]} 22. Rad1 {[%emt 0:00:05]} Qc7 {[%emt 0:00:00]} 23. Qg5 {[%emt 0:00:03]} Rd8 {[%emt 0:00:01]} 24. Rxd8 {[%emt 0:00:02]} Qxd8 {[%emt 0:00:00]} 25. Qxd8 {[%emt 0:00:03]} Ne4 {[%emt 0:00:01]} 26. Qd4 {[%emt 0:00:01]} N4d6 {[%emt 0:00:01]} 27. Ne5 {[%emt 0:00:02]} Nb5 {[%emt 0:00:00]} 28. Qf4 {[%emt 0:00:03]} Nbc7 {[%emt 0:00:00]} 29. g5 {[%emt 0:00:04]} Nd5 {[%emt 0:00:00]} 30. Bxd5 {[%emt 0:00:03]} Bxd5 {[%emt 0:00:00]} 31. g6 {[%emt 0:00:01]} hxg6 {[%emt 0:00:01]} 32. Qg5 {[%emt 0:00:02]} f6 {[%emt 0:00:01]} 33. Qxg6 {[%emt 0:00:01]} Bf7 {[%emt 0:00:03]} 34. Nxf7 {[%emt 0:00:02]} Rxf7 {[%emt 0:00:00]} 35. h4 {[%emt 0:00:01]} Nd6 {[%emt 0:00:01]} 36. h5 {[%emt 0:00:00]} Kf8 {[%emt 0:00:01]} 37. h6 {[%emt 0:00:01]} gxh6 {[%emt 0:00:00]} 38. Qxh6+ {[%emt 0:00:01]} Ke7 {[%emt 0:00:00]} 39. Qh8 {[%emt 0:00:00]} Nf5 {[%emt 0:00:00]} 40. Qg8 {[%emt 0:00:01]} Rg7+ {[%emt 0:00:00]} 41. Qxg7+ {[%emt 0:00:02]} Nxg7 {[%emt 0:00:00] Zeit (Lag: Av=0.42s, max=1.2s)} 0-1

[Event "Stay Safe Play From Home 206"]
[Site "T#646635Emanuel Laske"]
[Date "2020.06.07"]
[Round "9"]
[White "Little champs"]
[Black "SecantFX"]
[Result "1-0"]
[WhiteElo "2249"]
[BlackElo "1857"]
[Annotator "TA"]
[PlyCount "149"]
[EventDate "2020.06.07"]
[EventType "swiss (blitz)"]

{[%evp 9,149,4,6,3,17,16,15,2,14,0,52,44,55,62,64,35,96,67,94,91,137,72,97,90,185,68,238,84,95,53,102,97,112,108,291,315,311,271,360,264,354,293,295,272,276,281,431,229,388,30,15,-52,194,176,219,51,49,25,93,79,78,72,71,78,84,58,90,80,75,-40,-25,-129,-151,-185,-143,-264,-262,-206,0,0,46,0,382,415,396,395,491,479,505,242,468,464,558,540,571,575,573,570,536,529,510,389,618,612,29973,29976,29977,29973,29975,29979,29984,29985,29985,29986,29986,29987,29987,29988,29988,29989,29990,29991,29992,29993,29993,29993,29993,29993,29994,29993,29995,29993,29994,29994,29995,29994,29995,29996,29996,29997,29997,6103]} 1. d4 b6 2. e3 Bb7 3. Be2 c6 4. Nf3 e6 5. O-O Nf6 6. c4 Be7 7. Nc3 O-O 8. e4 {The position is equal.} d5 $1 9. e5 Nfd7 (9... Ne4 $11) 10. cxd5 cxd5 11. Bd3 $36 {[%mdl 2048] Black is under pressure.} Nc6 12. Qc2 g6 ({Better is} 12... h6 $14) 13. Bh6 Re8 14. a3 Bf8 15. Qd2 (15. Bxf8 $142 $1 Rxf8 16. Nb5) 15... Qe7 16. Bxf8 Qxf8 (16... Rxf8 $16 17. Rfe1 f6) 17. Rac1 (17. Nb5 $1 $18) 17... Qg7 $2 (17... a6 $14) 18. Bb5 $2 (18. Nb5 $1 $18) 18... Rac8 $16 19. Qd3 f6 20. exf6 Nxf6 21. Rc2 Na5 $2 (21... Rf8 $16) 22. Bxe8 $18 Nxe8 23. Ne5 Nf6 24. f3 Re8 25. Re2 Nd7 26. Rfe1 Nxe5 27. Rxe5 Bc8 (27... Qd7 {might work better.} 28. Qe2 Kf7) 28. Nb5 (28. Rxd5 $142 {Rde5 is the strong threat.} Bd7 29. Rg5) 28... Nc4 $2 {[#]} (28... Qd7 29. Nc3 Nc4) 29. b3 $2 ({White must play} 29. Rxd5 $3 $18 {[%mdl 512]} Rf8 (29... exd5 30. Rxe8+) 30. Rg5) 29... Nxe5 $11 30. dxe5 (30. Rxe5 $11 Ba6 31. a4) 30... a6 $2 (30... Ba6 $15) 31. Nd6 $18 Rd8 32. Nxc8 $2 (32. Qe3 $18) 32... Rxc8 $14 33. Qxa6 $18 {[%mdl 4096] Endgame KQR-KQR} Rb8 (33... Qc7 $11) 34. Qb5 $16 Qc7 35. h3 Qc5+ 36. Qxc5 bxc5 {KR-KR} 37. Re3 d4 38. Rd3 Kf7 39. a4 ({White should try} 39. Kf2 $16) 39... Ke7 $15 {[%mdl 1024] Black has compensation.} 40. f4 {[#]} (40. Kf1 $11) 40... Kd7 $1 $17 41. Kf1 Kc6 42. Ke1 (42. Ke2 $17 {was called for.}) 42... Kd5 $19 43. Kd1 c4 $2 (43... Rb4 $19 {aiming for ...Ke4.} 44. Kc2 Ke4) 44. bxc4+ $11 Kxc4 (44... Ke4 {feels hotter.} 45. Kc2 Rb4 46. Ra3 d3+ 47. Rxd3 Rxc4+ 48. Rc3 Rxa4 49. g3 Ra1) 45. Ra3 {Black must now prevent a5.} (45. Kc2 {seems wilder.} Rb4 46. Ra3 d3+ 47. Rxd3 Rxa4 48. Kd2) 45... Rb7 $2 {[%mdl 8192] [#]} (45... d3 $11 46. Kc1 Kd4) 46. a5 $1 $18 Ra7 {intending ...Kb4.} 47. Kd2 Kb4 48. Ra1 Kc4 49. Ra2 (49. a6 $142 h5 50. g4) 49... Kd5 $2 (49... Kb3 {was necessary.} 50. Ra1 Kb4) 50. Kd3 Ra6 51. Ra4 Kc5 52. Rc4+ Kb5 53. Rxd4 Rxa5 54. Rd6 Ra3+ 55. Ke2 Ra2+ (55... Kc5 $142 56. Kf2 Rb3 57. Rxe6 Kd5) 56. Kf3 Ra6 57. Rxa6 {White mates.} Kxa6 {KP-KP} 58. Ke4 h6 59. g4 Kb5 {[#]} 60. f5 $1 gxf5+ 61. gxf5 exf5+ 62. Kxf5 {KPP-KP} Kc6 63. Kf6 Kd5 64. e6 h5 65. e7 h4 66. e8=Q Kd4 67. Qh5 Ke3 68. Qxh4 Kf3 69. Qg5 Ke4 70. h4 Kf3 71. h5 Ke4 72. h6 Kf3 73. h7 Ke4 74. h8=Q Kf3 75. Qhh4 {Quite a comeback for White. Accuracy: White = 49%, Black = 33%.} (75. Qh7 $142 Ke2 76. Qc2+ Kf3 77. Qcg2#) 1-0

[Event "Stay Safe Play From Home 206"]
[Site "T#646635Emanuel Laske"]
[Date "2020.06.07"]
[Round "9"]
[White "Rogan"]
[Black "EL sanbary"]
[Result "1-0"]
[WhiteElo "2181"]
[BlackElo "1905"]
[Annotator "TA"]
[PlyCount "61"]
[EventDate "2020.06.07"]
[EventType "swiss (blitz)"]

{[%evp 16,61,0,-2,-2,-18,-13,-24,43,30,46,48,68,61,60,57,52,36,37,39,45,0,177,188,188,173,198,199,434,325,1716,1703,2001,2020,29981,906,29992,2727,1797,175,978,667,667,657,29981,29982,29995,29994]} 1. d4 d5 2. c3 e6 3. Nf3 Nf6 4. Bg5 Be7 5. e3 Nbd7 6. Bd3 b6 7. Qc2 Bb7 8. Nbd2 O-O 9. O-O h6 {D03: 1 d4 d5 2 Nf3 Nf6 3 Bg5, including Torre Attack with early ...d5.} 10. Bh4 c5 11. Rfe1 cxd4 (11... Rc8 $11) 12. exd4 $14 Rc8 {[#]} 13. a4 $146 ({Predecessor:} 13. Re2 Nh5 14. Bxe7 Qxe7 15. g3 Kh8 16. Rae1 g5 17. Ne5 Nxe5 18. Rxe5 Ng7 19. Qd1 {½-½ (51) Jurich,F-Micele,O (1977) Buenos Aires 2003}) 13... Ng4 14. Bxe7 Qxe7 15. h3 Ngf6 16. Ne5 Nxe5 17. Rxe5 Nd7 18. Re3 f6 $2 (18... e5 $11 {and Black is okay.}) 19. Rae1 e5 {intending ...e4.} 20. Bf5 e4 21. Qb3 Rce8 $2 (21... Kh8 22. Nf3 Rfd8) 22. Rxe4 Qd6 $2 (22... Qf7 23. Be6 Rxe6 24. Rxe6 Ne5) 23. Rxe8 $18 Rxe8 24. Rxe8+ Nf8 25. Nf3 (25. Ne4 $142 Qc6 26. Rd8 $1 {[%mdl 512]} Qc7 27. Be6+ {[%mdl 64] Double Attack} Kh7 28. Rxf8 Qf4 29. Bxd5 Bxd5 30. Qxd5) 25... Qf4 {[#]} 26. Qc2 (26. Qb4 $142 $1 Qc1+ 27. Ne1 Qxe1+ 28. Rxe1 Bc8 {[#]} 29. Re8 $1 {[%mdl 512]} Bxf5 30. Qxf8+ Kh7 31. Qf7 $1 {[%mdl 512]} Be6 32. Rxe6 a6 33. Re7 $1 {[%mdl 512]} Kh8 34. Qxg7#) 26... Kf7 27. Rb8 $2 (27. Qe2 {Threatening mate with Qe7+!} Qd6 28. Nh4) 27... Bc6 $2 (27... Qxb8 28. Nh4 Qe8) 28. Rxf8+ Kxf8 29. Bg6 Qg5 30. Nxg5 fxg5 31. Qf5+ {Accuracy: White = 83%, Black = 41%.} 1-0

[Event "Stay Safe Play From Home 206"]
[Site "T#646635Emanuel Laske"]
[Date "2020.06.07"]
[Round "9"]
[White "Bellbox"]
[Black "Cubail"]
[Result "0-1"]
[WhiteElo "2099"]
[BlackElo "1330"]
[Annotator "TA"]
[PlyCount "36"]
[EventDate "2020.06.07"]
[EventType "swiss (blitz)"]

{[%evp 9,35,108,113,117,117,104,130,108,116,106,124,114,104,125,135,65,100,77,75,-956,-956,-2404,-2251,-29988,-29989,-29998,-29999,-29999]} 1. e4 f5 2. exf5 Nf6 3. d4 d5 4. Bd3 Nc6 5. c3 e6 6. fxe6 {B00: Queen's Fianchetto Defence, Nimzowitsch Defence.} Bd6 7. Nf3 O-O 8. O-O {White is better.} Bxe6 {[#]} 9. Re1 $146 ({Predecessor:} 9. Qc2 Ne4 10. Bxe4 dxe4 11. Ng5 Bd5 12. g3 Qe7 13. Be3 h6 14. Nh3 Qd7 15. Kg2 {0-1 (28) Yang,D (1600)-Kazmierski,T (1789) LSS email 2009}) 9... Bg4 10. h3 Bh5 11. Nbd2 Qd7 12. Nf1 (12. Qb3 $16) 12... Rae8 13. Be3 Ne4 {...Rxf3! is the strong threat.} 14. g4 $2 {[%mdl 8192] [#] Now White is beyond hope.} (14. Be2 $16) 14... Bxg4 $1 $19 {[%mdl 512]} 15. hxg4 Qxg4+ {[%mdl 64] Double Attack} 16. Kh1 Rxf3 {Black mates.} 17. Bxe4 Rh3+ 18. Nh2 Rxh2# {Accuracy: White = 46%, Black = 79%.} 0-1

[Event "Stay Safe Play From Home 206"]
[Site "T#646635Emanuel Laske"]
[Date "2020.06.07"]
[Round "9"]
[White "Fischer_11"]
[Black "Lazieri3"]
[Result "0-1"]
[WhiteElo "2061"]
[BlackElo "2010"]
[Annotator "NA RC"]
[PlyCount "88"]
[EventDate "2020.06.07"]
[EventType "swiss (blitz)"]

1. e4 {[%emt 0:00:01]} c6 {[%emt 0:00:00]} 2. d4 {[%emt 0:00:01]} d5 {[%emt 0:00:00]} 3. exd5 {[%emt 0:00:00]} cxd5 {[%emt 0:00:00]} 4. c4 {[%emt 0:00:00]} Nc6 {[%emt 0:00:00]} 5. cxd5 {[%emt 0:00:01]} Qxd5 {[%emt 0:00:02]} 6. Nf3 {[%emt 0:00:00]} Qd8 {[%emt 0:00:01]} 7. d5 {[%emt 0:00:00]} Nb8 {[%emt 0:00:01]} 8. Qa4+ {[%emt 0:00:02]} Bd7 {[%emt 0:00:01]} 9. Qb3 {[%emt 0:00:00]} Qb6 {[%emt 0:00:01]} 10. Qxb6 {[%emt 0:00:02]} axb6 {[%emt 0:00:00]} 11. Be3 {[%emt 0:00:00]} Nf6 {[%emt 0:00:01]} 12. Nc3 {[%emt 0:00:03]} e6 {[%emt 0:00:00]} 13. dxe6 {[%emt 0:00:01]} Bxe6 {[%emt 0:00:00]} 14. Bxb6 {[%emt 0:00:01]} Nbd7 {[%emt 0:00:01]} 15. Be3 {[%emt 0:00:03]} Bb4 {[%emt 0:00:01]} 16. Nd4 {[%emt 0:00:05]} Bxc3+ {[%emt 0:00:04]} 17. bxc3 {[%emt 0:00:02]} Rxa2 {[%emt 0:00:01]} 18. Rxa2 {[%emt 0:00:02]} Bxa2 {[%emt 0:00:00]} 19. c4 {[%emt 0:00:01]} Ne5 {[%emt 0:00:03]} 20. Be2 {[%emt 0:00:05]} Bxc4 {[%emt 0:00:01]} 21. O-O {[%emt 0:00:02]} Bxe2 {[%emt 0:00:01]} 22. Nxe2 {[%emt 0:00:00]} O-O {[%emt 0:00:01]} 23. Rb1 {[%emt 0:00:00]} Nc4 {[%emt 0:00:05]} 24. Bg5 {[%emt 0:00:02]} Ne4 {[%emt 0:00:02]} 25. Bf4 {[%emt 0:00:01]} Ned6 {[%emt 0:00:02]} 26. Bxd6 {[%emt 0:00:02]} Nxd6 {[%emt 0:00:00]} 27. Rb6 {[%emt 0:00:01]} Rd8 {[%emt 0:00:01]} 28. g3 {[%emt 0:00:01]} Kf8 {[%emt 0:00:02]} 29. Nd4 {[%emt 0:00:02]} Ke7 {[%emt 0:00:02]} 30. Nb5 {[%emt 0:00:03]} Nxb5 {[%emt 0:00:01]} 31. Rxb5 {[%emt 0:00:00]} Rd7 {[%emt 0:00:01]} 32. Rb6 {[%emt 0:00:01]} Kd8 {[%emt 0:00:01]} 33. Kg2 {[%emt 0:00:00]} Kc7 {[%emt 0:00:00]} 34. h4 {[%emt 0:00:01]} Kxb6 {[%emt 0:00:01]} 35. g4 {[%emt 0:00:01]} Kc7 {[%emt 0:00:00]} 36. g5 {[%emt 0:00:00]} Kd6 {[%emt 0:00:00]} 37. Kg3 {[%emt 0:00:00]} Ke5 {[%emt 0:00:01]} 38. Kg4 {[%emt 0:00:00]} f5+ {[%emt 0:00:01]} 39. gxf6 {[%emt 0:00:01]} gxf6 {[%emt 0:00:00]} 40. h5 {[%emt 0:00:00]} h6 {[%emt 0:00:01]} 41. Kh4 {[%emt 0:00:00]} Kf4 {[%emt 0:00:01]} 42. f3 {[%emt 0:00:01]} Rd2 {[%emt 0:00:02]} 43. Kh3 {[%emt 0:00:00]} Re2 {[%emt 0:00:01]} 44. Kh4 {[%emt 0:00:02]} Rh2# {[%emt 0:00:00] (Lag: Av=0.42s, max=0.6s)} 0-1